FAO economic and social development paper N.96 The effect of trade and exchange rate policies on production incentives in agriculture

محفوظ في:
التفاصيل البيبلوغرافية
المؤلف الرئيسي: D Diakosavas
التنسيق: كتاب
اللغة:Undetermined
منشور في: Rome FAO 1990
الموضوعات:
الوسوم: إضافة وسم
لا توجد وسوم, كن أول من يضع وسما على هذه التسجيلة!
Thư viện lưu trữ: Trung tâm Học liệu Trường Đại học Cần Thơ
LEADER 00619nam a2200193Ia 4500
001 CTU_3624
008 210402s9999 xx 000 0 und d
082 |a 330 
082 |b F218/N.96 
100 |a D Diakosavas 
245 0 |a FAO economic and social development paper N.96 
245 4 |b The effect of trade and exchange rate policies on production incentives in agriculture 
245 0 |c D Diakosavas, FAO 
260 |a Rome 
260 |b FAO 
260 |c 1990 
650 |a agriculture and state,economics 
904 |i Nguyễn Quang Điền, 960530 
980 |a Trung tâm Học liệu Trường Đại học Cần Thơ